Kúpne zmluvy uzatvárané on-line a kúpa digitálneho obsahu
Návrh smerníc on-line sales directive, digital content directive. Pôsobnosť návrhu smernice.
Guardado en:
| Autor principal: | |
|---|---|
| Otros Autores: | , , |
| Formato: | Capítulo de libro |
| Lenguaje: | eslovaco |
| Materias: | |
| Etiquetas: |
Sin Etiquetas, Sea el primero en etiquetar este registro!
|
MARC
| LEADER | 00000naa a2200000 4500 | ||
|---|---|---|---|
| 001 | 0229725 | ||
| 005 | 20220719123542.5 | ||
| 041 | 0 | |a slo | |
| 044 | |a SK | ||
| 245 | 1 | 0 | |a Kúpne zmluvy uzatvárané on-line a kúpa digitálneho obsahu |c Monika Jurčová, Marianna Novotná, Zuzana Adamová, Róbert Dobrovodský |
| 520 | |a Návrh smerníc on-line sales directive, digital content directive. Pôsobnosť návrhu smernice. | ||
| 610 | 2 | 0 | |a zmluvy kúpne |
| 610 | 2 | 0 | |a technológie informačné |
| 610 | 2 | 0 | |a právo súkromné |
| 610 | 2 | 0 | |a zmluvy licenčné |
| 610 | 2 | 0 | |a digitalizácia |
| 610 | 2 | 0 | |a regulácia |
| 100 | 1 | |a Jurčová, Monika | |
| 700 | 1 | |a Novotná, Marianna | |
| 700 | 1 | |a Adamová, Zuzana | |
| 700 | 1 | |a Dobrovodský, Róbert | |